NFL Draft 2021 - Statistics

General Stats
  • This quiz has been taken 3 times
  • The average score is 8 of 32
Answer Stats
Hint Answer % Correct
5.Bengals Ja'Marr Chase
100%
6.Dolphins Jaylen Waddle
100%
1.Jaguars Trevor Lawrence
100%
3.49ers Trey Lance
100%
2.Jets Zach Wilson
100%
4.Falcons Kyle Pitts
67%
10.Jets Devonte Smith
33%
15.Patriots Mac Jones
33%
12.Cowboys Micah Parsons
33%
24.Steelers Najee Harris
33%
9.Broncos Pat Surtain II
33%
7.Lions Penei Sewell
33%
13.Chargers Rashawn Slater
33%
17.Raiders Alex Leatherwood
0%
14.Jets Alijah Vera-Tucker
0%
22.Titans Caleb Farley
0%
23.Vikings Christian Darrisaw
0%
29.Packers Eric Stokes
0%
26.Browns Greg Newsome II
0%
30.Bills Gregory Rousseau
0%
18.Dolphins Jaelan Phillips
0%
19.Commanders Jamin Davis
0%
8.Panthers Jaycee Horn
0%
32.Buccaneers Joe Tryon
0%
11.Bears Justin Fields
0%
20.Giants Kadarius Toney
0%
21.Colts Kwity Paye
0%
31.Ravens Odafe Oweh
0%
28.Saints Payton Turner
0%
27.Ravens Rashod Bateman
0%
25.Jaguars Travis Etienne
0%
16.Cardinals Zaven Collins
0%
No matching quizzes found
Score Distribution
Percent of People with Each Score
Percentile by Number Answered
Your Score History
You have not taken this quiz